Central Library OPAC University of Rajshahi
Normal view MARC view

Entry Geographic Name

Number of records used in: 3

001 - CONTROL NUMBER

  • control field: 2923

003 - CONTROL NUMBER IDENTIFIER

  • control field: BD-RjUL

005 - DATE AND TIME OF LATEST TRANSACTION

  • control field: 20220511123120.0

008 - FIXED-LENGTH DATA ELEMENTS

  • fixed length control field: 220511|| aca||aabn | a|a d

040 ## - CATALOGING SOURCE

  • Original cataloging agency: BD-RjUL
  • Transcribing agency: BD-RjUL

151 ## - HEADING--GEOGRAPHIC NAME

  • Geographic name: India
  • General subdivision: Politics and government

670 ## - SOURCE DATA FOUND

  • Source citation: Work cat.: (BD-RjUL)79782: Keith, Arthur Berriedale 2921, A constitutional history of India, 1600-1935 /, 1965.